000 03086cam a22012494i 4500
003 PE-LiUPU
005 20250813185514.0
008 150625s r 000 0 d
020 _a997205355
035 _a(Sirsi) i997205355
040 _aPE-LiUPU
_bspa
_cPE-LiUPU
_erda
049 _aPRUA
082 0 4 _a370.008
_bC
_221
100 1 _aGómez Masdevall, Teresa,
_eautor.
245 1 0 _aPropuestas de intervención en el aula :
_btécnicas para lograr un clima favorable en la clase.
_n2 /
_cTeresa Gómez Masdevall [et..al].
264 1 _aLima :
_bEl Comercio, Empresa Editora,
_c2005.
300 _a242 páginas :
_bilustraciones,figuras ;
_c22 centímetros
336 _atext
_2rdacontent
337 _aunmediated
_2rdamedia
338 _avolume
_2rdacarrier
490 0 _aColección para educadores ;
_v02
500 _aDiccionario pedagógico en Anexos.
504 _aIncluye referencias bibliográficas.
505 0 _aEnfoques Teóricos. -Propuestas prácticas. -Anexos.
526 _aP202
526 _aP201
526 _aP163
526 _aP162
526 _aP161
526 _aP160
526 _aP148
526 _aP147
526 _aP146
526 _aP145
526 _aP144
526 _aP143
526 _aP142
526 _aP141
526 _aP140
526 _aP139
526 _aP138
526 _aP137
526 _aP136
526 _aP135
526 _aP134
526 _aP133
526 _aP129
526 _aP128
526 _aP127
526 _aP120
526 _aP119
526 _aP118
526 _aP116
526 _aP115
526 _aP114
526 _aP110
526 _aP109
526 _aP108
526 _aP104
526 _aP103
526 _aP102
526 _aP99
526 _aP98
526 _aP97
526 _aP96
526 _aP95
526 _aP93
526 _aP90
526 _aP89
526 _aP88
526 _aP83
526 _aP82
526 _aP62
526 _aP59
526 _aP58
526 _aP57
526 _aP51
526 _aP49
526 _aP48
526 _aP47
526 _aP29
526 _aP24
526 _aP20
526 _aP19
526 _aP17
526 _aP15
526 _aP14
526 _aP12
526 _aP10
526 _aP09
526 _aP08
526 _aP07
526 _aP06
526 _aP05
526 _aP04
526 _aP01
650 0 4 _aDisciplina escolar ( 4-12 años ).
650 0 4 _aSalones de clase
_xConducta.
700 1 _aMir i Costa, Victoria.
910 _baj
_ceq
_d20051012
942 _2ddc
_cBOOK
949 _a370.008 C 2
_wDEWEY
_c1
_i55818
_lCCODEBUL1
_mBUL
_p6.00
_r0
_sY
_tBOOK
_u2015-6-25
_xEDUCACION
_zUNKNOWN
_0COMPRA
_o.STAFF. Colección General
994 _aC0
_bPEPRU
596 _a1
999 _a370.008 C 2
_wDEWEY
_c44687
_i55818
_f2021-11-8
_g5
_lCCODEBUL1
_mBUL
_p6.00
_r0
_sY
_tBOOK
_u2015-6-25
_xEDUCACION
_zUNKNOWN
_0COMPRA
_o.STAFF. Colección General
_d44687
980 _81
_gALBERTO SANCHEZ Responsable de Automatización